000 00517nam a2200193Ia 4500
005 20260120130603.0
008 008 260114s9999 xx 000 0 eng d
020 _a9780191594298
037 _aEBOOK
040 _aCRL
_beng
_cCRL
041 _aeng
_2eng
084 _qCRL
100 _aStump
_9916784
245 0 _aWandering in Darkness
260 _bOxford University PressOxford University Press
_c2010
856 _uhttps://academic.oup.com/book/12824
942 _cEBOOK
999 _c1508688
_d1508688